Sử thi Bahnar Kriem- bahnar Kokdeh
Giới thiệu Sử thi Bahnar Kriem I và Bahnar Kriem II - Bahnar Kokdeh. Tóm tắt nội dung bằng công trình tiếng Anh.
Đã lưu trong:
| Tác giả chính: | |
|---|---|
| Định dạng: | Sách |
| Năm xuất bản: |
H.
Lao động
2012
|
| Chủ đề: | |
| Tags: |
Thêm thẻ
Không có thẻ, Hãy là người đầu tiên gắn thẻ bản ghi này!
|
| LEADER | 00821nam a2200193 4500 | ||
|---|---|---|---|
| 082 | |a 398.2 |b H 100 Gi | ||
| 100 | |a Hà Giao | ||
| 245 | |a Sử thi Bahnar Kriem- bahnar Kokdeh |c Hà Giao sưu tầm, biên soạn | ||
| 260 | |a H. |b Lao động |c 2012 | ||
| 300 | |a 1014 tr. |c 21 cm | ||
| 500 | |a Đầu trang tên sách ghi: Hội văn nghệ dân gian Việt Nam | ||
| 520 | |a Giới thiệu Sử thi Bahnar Kriem I và Bahnar Kriem II - Bahnar Kokdeh. Tóm tắt nội dung bằng công trình tiếng Anh. | ||
| 653 | |a Văn học dân gian | ||
| 653 | |a Việt Nam | ||
| 653 | |a Sử thi | ||
| 910 | |c Hà | ||
| 942 | |2 ddc |c SH | ||
| 999 | |c 167 |d 167 | ||
| 952 | |0 0 |1 0 |2 ddc |4 0 |6 398_200000000000000_H_100_GI |7 0 |8 300 |9 3819 |a qbu |b qbu |c D2 |d 2014-11-13 |g 80000 |o 398.2 H 100 Gi |p 294.C1 |r 0000-00-00 |w 2014-11-13 |y SH |0 0 |6 398_200000000000000_H_100_GI | ||